Statistics for Most Urbanized Countries (population)

Click here to take the quiz!

General Stats

  • This quiz has been taken 2,364 times
  • The average score is 18 of 30

Answer Stats

HintCountryContinent% Correct
100SingaporeAsia
90%
91.3JapanAsia
83%
100MonacoEurope
82%
100Vatican CityEurope
81%
85.4LuxembourgEurope
75%
94.1San MarinoEurope
74%
84.6BrazilS. America
73%
91.0South KoreaAsia
73%
89.2AustraliaOceania
71%
87.3AndorraEurope
69%
92.5ArgentinaS. America
69%
89.2ChileS. America
68%
86.2New ZealandOceania
68%
97.5BelgiumEurope
62%
98.8QatarAsia
62%
84.4United Arab EmiratesAsia
62%
92.5UruguayS. America
61%
86.9DenmarkEurope
59%
88.7BahrainAsia
57%
98.3KuwaitAsia
55%
85.2SwedenEurope
55%
93.5VenezuelaS. America
54%
85.8FranceEurope
53%
100NauruOceania
53%
94.8MaltaEurope
52%
92.1IsraelAsia
49%
93.7IcelandEurope
45%
87.2LebanonAsia
32%
84.3BahamasN. America
26%
86.2GabonAfrica
4%

Score Distribution

Percentile by Number Answered

Percent of People with Each Score

Your Score History

You have not taken this quiz